<?xml version="1.0" encoding="UTF-8"?>
<record
    xmlns:xsi="http://www.w3.org/2001/XMLSchema-instance"
    xsi:schemaLocation="http://www.loc.gov/MARC21/slim http://www.loc.gov/standards/marcxml/schema/MARC21slim.xsd"
    xmlns="http://www.loc.gov/MARC21/slim">

  <leader>00947njm a22002417a 4500</leader>
  <controlfield tag="005">20100901140419.0</controlfield>
  <controlfield tag="006">a|||||r|||||00| 0 </controlfield>
  <controlfield tag="007">sd ammalaaahaa</controlfield>
  <controlfield tag="008">100831t        xxu||||| |||| 00| 0 hin d</controlfield>
  <datafield tag="028" ind1=" " ind2=" ">
    <subfield code="a">N. 20080</subfield>
    <subfield code="b">His Master's Voice</subfield>
  </datafield>
  <datafield tag="028" ind1=" " ind2=" ">
    <subfield code="a">OMC. 23709</subfield>
    <subfield code="b">His Master's Voice</subfield>
  </datafield>
  <datafield tag="035" ind1=" " ind2=" ">
    <subfield code="a">GR-154</subfield>
  </datafield>
  <datafield tag="040" ind1=" " ind2=" ">
    <subfield code="a">SED/VEN</subfield>
  </datafield>
  <datafield tag="100" ind1=" " ind2=" ">
    <subfield code="a">Jharia, Kamala</subfield>
    <subfield code="9">17804</subfield>
  </datafield>
  <datafield tag="245" ind1=" " ind2=" ">
    <subfield code="a">Ram sumari ram sumari-bhajan Part 1 /</subfield>
    <subfield code="c">by Kamala Jharia ; music : tulsi Lahiri</subfield>
    <subfield code="h">[Gramophone Recording] :</subfield>
  </datafield>
  <datafield tag="246" ind1=" " ind2=" ">
    <subfield code="a">&#x930;&#x93E;&#x92E; &#x938;&#x941;&#x92E;&#x93E;&#x930;&#x940; &#x930;&#x93E;&#x92E; &#x938;&#x941;&#x92E;&#x93E;&#x930;&#x940; -&#x92D;&#x91C;&#x928; &#x92A;&#x93E;&#x930;&#x94D;&#x91F; &#x967; </subfield>
  </datafield>
  <datafield tag="260" ind1=" " ind2=" ">
    <subfield code="a">Dum Dum, India</subfield>
    <subfield code="b">His Master's Voice</subfield>
  </datafield>
  <datafield tag="300" ind1=" " ind2=" ">
    <subfield code="a">1 sound disc :</subfield>
    <subfield code="b">analog, 33 1/3 rpm </subfield>
    <subfield code="c">10 in.</subfield>
  </datafield>
  <datafield tag="500" ind1=" " ind2=" ">
    <subfield code="a">Brief records. </subfield>
  </datafield>
  <datafield tag="505" ind1=" " ind2=" ">
    <subfield code="a">Hari bin koi kam na aayo-bhajan (&#x939;&#x930;&#x940; &#x92C;&#x93F;&#x928; &#x915;&#x94B;&#x908; &#x915;&#x92E; &#x928; &#x906;&#x92F;&#x94B; )  &#x92A;&#x93E;&#x930;&#x94D;&#x91F; &#x968;  </subfield>
  </datafield>
  <datafield tag="650" ind1=" " ind2=" ">
    <subfield code="a">Classical music</subfield>
    <subfield code="x">Excerpts</subfield>
    <subfield code="z">India</subfield>
    <subfield code="9">17805</subfield>
  </datafield>
  <datafield tag="942" ind1=" " ind2=" ">
    <subfield code="2">ddc</subfield>
    <subfield code="c">GR</subfield>
  </datafield>
  <datafield tag="999" ind1=" " ind2=" ">
    <subfield code="c">43436</subfield>
    <subfield code="d">43436</subfield>
  </datafield>
</record>
